Covered bridges of Indiana.

Saved in:
Bibliographic Details
Corporate Author: Indiana Historical Society.
Other Authors: Yule, Robert B., Smith, Richard C.
Format: Book
Language:English
Published: [Indianapolis? 1937.]
Subjects:
Tags: Add Tag
No Tags, Be the first to tag this record!
LEADER 00738nam a2200241K 4500
001 005703239-4
005 20020606163548.3
008 950619s1937 inu 000 0 eng d
035 0 |a ocn223972270 
040 |a HLS  |c HLS 
043 |a n-us-in 
110 2 |a Indiana Historical Society. 
245 1 0 |a Covered bridges of Indiana.  |c Compiled by Robert B. Yule and Richard C. Smith. December 1, 1937. 
260 |a [Indianapolis?  |c 1937.] 
300 |a ff. (1), 5.  |c 4to 
690 9 |a Bridges.  |5 wid 
650 0 |a Covered bridges  |z Indiana  |v Directories. 
650 0 |a Bridges  |z Indiana  |v Directories. 
700 1 |a Yule, Robert B. 
700 1 |a Smith, Richard C. 
710 2 |a Indiana Historical Bureau,  |e issuing body. 
988 |a 20020608 
906 |0 MH